000 00707nam a2200253 i 4500
001 C2-0077968
003 PPAK
005 20180727082925.0
008 970429s1987 my a|||| ||||| | may d
020 _a9836228209
040 _aPPAK
_beng
_cPPAK
_erda
082 0 4 _a620.1
_223
090 0 0 _a620.1
_bMAT
_dG
090 0 0 _a620.1
_bMAT
_dKIH
100 0 _aMat Lazim Zakaria,
_eauthor
245 1 0 _aBahan dan binaan
264 1 _aKuala Lumpur :
_bDewan Bahasa dan Pustaka ,
_c1987
300 _aix, 307 pages :
_billustrations ;
_c22 cm
336 _2rdacontent
_atext
337 _2rdamedia
_aunmediated
338 _2rdacarrier
_avolume
650 1 0 _aBuilding materials. ; Buildings.
942 _ddc
_cB
999 _c12807
_d12807